[Event "e2e4 Sunningdale Easter 2014"]
[Site "Ascot ENG"]
[Date "2014.04.21"]
[Round "8.2"]
[White "Gormally, Daniel W"]
[Black "Eggleston, David J"]
[Result "1/2-1/2"]
[WhiteTitle "GM"]
[BlackTitle "IM"]
[WhiteElo "2492"]
[BlackElo "2402"]
[WhiteFideId "406465"]
[BlackFideId "412120"]
[EventDate "2014.04.17"]

1. Nf3 Nf6 2. c4 b6 3. g3 Bb7 4. Bg2 e6 5. O-O Be7 6. b3 O-O 7. Bb2 d5 8. cxd5
exd5 9. Qc2 c5 10. d4 Nc6 11. dxc5 bxc5 12. Nbd2 Nb4 13. Qc1 d4 14. a3 Nbd5 15.
Qc2 a5 16. Nc4 Nb6 17. e3 a4 18. exd4 axb3 19. Qxb3 Nxc4 20. Qxc4 Ba6 21. Qc2
Bxf1 22. Rxf1 Rc8 23. Ne5 cxd4 24. Nc6 Rc7 25. Rd1 Qd6 26. Rxd4 Qe6 27. h3 Qa2
28. Rd3 Rb8 29. Rd2 Bxa3 30. Be5 Qxc2 31. Rxc2 Rb1+ 32. Kh2 Rd7 33. Ra2 Bf8 34.
Ra8 Re1 35. g4 h6 36. Bf3 Ne4 37. Bd4 Ng5 38. Bg2 Ne6 39. Be3 Kh7 40. Be4+ g6
41. Re8 Bd6+ 42. Kg2 Bf4 43. Rxe6 fxe6 44. Bxg6+ Kxg6 45. Bxf4 Rb7 46. Ne5+ Kg7
47. Nf3 Re2 48. Nd4 Re4 49. Be3 Rb4 50. Ne2 Rec4 51. Kf3 e5 52. Ng3 Kg6 53. Bd2
Rb3+ 54. Be3 Rf4+ 55. Kg2 Rf7 56. Nf5 Rxf5 57. gxf5+ Kh7 58. Kg3 Rb4 59. h4 h5
60. Bg5 Rb3+ 61. Kg2 Kg7 62. f3 Kf7 63. Kf2 Rb4 64. Ke3 Ke8 65. Kd3 Ra4 66. Ke3
Kd7 67. Kd3 Kd6 68. Ke3 Kd5 69. f6 Ra3+ 70. Kf2 Ke6 71. Ke2 Ra7 72. Ke3 Kf5 73.
Ke2 Rf7 74. Ke3 Rf8 75. Kd3 Rc8 76. Ke3 Rd8 77. Ke2 Ke6 78. Ke3 Kd5 79. Kd3 Rd7 1/2-1/2

[Event "e2e4 Sunningdale Easter 2014"]
[Site "Ascot ENG"]
[Date "2014.04.21"]
[Round "8.3"]
[White "Gandrud, Vegar Koi"]
[Black "Petrov, Marijan"]
[Result "1/2-1/2"]
[BlackTitle "GM"]
[WhiteElo "2223"]
[BlackElo "2455"]
[WhiteFideId "1505530"]
[BlackFideId "2901773"]
[EventDate "2014.04.17"]

1. d4 Nf6 2. c4 c5 3. d5 e5 4. Nc3 d6 5. e4 Be7 6. g3 O-O 7. Bg2 Ne8 8. Nge2 Nd7
9. O-O g6 10. Bh6 Ng7 11. Qd2 Nf6 12. h3 Kh8 13. Kh2 a6 14. Be3 Nd7 15. Bh6 Nf6
16. Be3 h5 17. f4 exf4 18. Nxf4 Nd7 19. Nd3 Bf6 20. Rxf6 Qxf6 21. Bg5 Qd4 22.
Be3 Qf6 23. Bg5 1/2-1/2

[Event "e2e4 Sunningdale Easter 2014"]
[Site "Ascot ENG"]
[Date "2014.04.21"]
[Round "8.4"]
[White "Williams, Simon K"]
[Black "Rudd, Jack"]
[Result "1-0"]
[WhiteTitle "GM"]
[BlackTitle "IM"]
[WhiteElo "2463"]
[BlackElo "2218"]
[WhiteFideId "404454"]
[BlackFideId "405736"]
[EventDate "2014.04.17"]

1. f4 d5 2. e3 c5 3. Nf3 g6 4. Bb5+ Bd7 5. Be2 Nc6 6. O-O Bg7 7. d3 Nh6 8. e4 d4
9. Qe1 O-O 10. h3 f6 11. c3 e5 12. cxd4 cxd4 13. fxe5 fxe5 14. Bd1 Qe7 15. Bg5
Qd6 16. Na3 Nf7 17. Bb3 Rae8 18. Nc4 Qb8 19. Na5 Be6 20. Nxc6 bxc6 21. Bxe6 Rxe6
22. Qc1 Nxg5 23. Nxg5 Rxf1+ 24. Kxf1 Rf6+ 25. Nf3 Qb5 26. Ke2 Bh6 27. Qc4+ Qxc4
28. dxc4 Bf4 29. Ne1 Kf7 30. Nd3 Ke6 31. Rf1 h5 32. Rf3 g5 33. Nf2 g4 34. hxg4
hxg4 35. Ra3 Rf7 36. Ra6 Kd6 37. b4 Rb7 38. b5 Rb6 39. Rxb6 axb6 40. bxc6 g3 41.
Nd3 Kxc6 42. a4 1-0

[Event "e2e4 Sunningdale Easter 2014"]
[Site "Ascot ENG"]
[Date "2014.04.21"]
[Round "8.5"]
[White "Lalic, Bogdan"]
[Black "Letreguilly, Olivier"]
[Result "0-1"]
[WhiteTitle "GM"]
[BlackTitle "FM"]
[WhiteElo "2485"]
[BlackElo "2342"]
[WhiteFideId "409081"]
[BlackFideId "600997"]
[EventDate "2014.04.17"]

1. d4 Nf6 2. c4 e6 3. Nf3 b6 4. g3 Ba6 5. Qb3 d5 6. cxd5 exd5 7. Nc3 c6 8. Bg5
Be7 9. Bxf6 Bxf6 10. e4 Bxf1 11. Kxf1 dxe4 12. Nxe4 O-O 13. Kg2 Nd7 14. Rac1 c5
15. dxc5 Nxc5 16. Nxc5 bxc5 17. Rxc5 Rb8 18. Rb5 Qd6 19. Rxb8 Rxb8 20. Qa4 Rxb2
21. Rd1 Qc5 22. Qe8+ Qf8 23. Qe3 Rb8 24. Rh1 Qd6 25. Rd1 Qe7 26. Rh1 Rb2 0-1

[Event "e2e4 Sunningdale Easter 2014"]
[Site "Ascot ENG"]
[Date "2014.04.21"]
[Round "8.6"]
[White "Longson, Alexander"]
[Black "Arkell, Keith C"]
[Result "0-1"]
[WhiteTitle "FM"]
[BlackTitle "GM"]
[WhiteElo "2337"]
[BlackElo "2461"]
[WhiteFideId "408093"]
[BlackFideId "400270"]
[EventDate "2014.04.17"]

1. d4 Nf6 2. c4 c5 3. d5 e5 4. Nc3 d6 5. e4 g6 6. Nf3 Bg7 7. g3 O-O 8. Bg2 Nbd7
9. O-O a6 10. a4 b6 11. Ne1 Kh8 12. f4 exf4 13. gxf4 Nh5 14. Be3 Ndf6 15. Bf3
Bh3 16. Ng2 Bh6 17. Qd2 Ng4 18. Bxg4 Bxg4 19. f5 Bg7 20. Kh1 Be5 21. Rae1 gxf5
22. exf5 Rg8 23. Ne4 Bh3 24. Ng5 Bxg2+ 25. Qxg2 Qd7 26. Qh3 Nf6 27. Bd2 Rg7 28.
Nf3 Ng4 29. Bh6 Rgg8 30. Nxe5 Nxe5 31. Qh4 Qd8 32. f6 Rg6 33. Rf4 Kg8 34. Ref1
Qd7 35. Bg7 Rg4 36. Rxg4 Qxg4 37. Qxg4 Nxg4 38. Rg1 h5 39. Bh6 Kh7 40. Bf4 Rg8
41. Rg2 Rg6 42. h3 Rxf6 43. Bxd6 Ne3 44. Be7 Rf1+ 45. Rg1 Rf3 46. Rc1 Rxh3+ 47.
Kg1 Nf5 48. Bd8 Rb3 49. Rc2 Ne3 50. Rc3 Rxc3 51. bxc3 Nxc4 52. Bc7 b5 53. d6 Ne5
54. axb5 axb5 55. Kf2 Kg6 56. Ke3 Kf5 0-1

[Event "e2e4 Sunningdale Easter 2014"]
[Site "Ascot ENG"]
[Date "2014.04.21"]
[Round "8.7"]
[White "Hunt, Adam C"]
[Black "Sowray, Peter J"]
[Result "0-1"]
[WhiteTitle "IM"]
[BlackTitle "FM"]
[WhiteElo "2434"]
[BlackElo "2331"]
[WhiteFideId "403970"]
[BlackFideId "400971"]
[EventDate "2014.04.17"]

1. e4 d6 2. d4 Nf6 3. Nc3 g6 4. Be3 c6 5. Qd2 Nbd7 6. O-O-O b5 7. f3 Bb7 8. g4
Nb6 9. h4 h5 10. g5 Nfd7 11. f4 Bg7 12. Nh3 O-O 13. f5 b4 14. Nb1 c5 15. fxg6
fxg6 16. Qg2 cxd4 17. Bxd4 Ne5 18. Nf2 Rc8 19. Nd3 Nxd3+ 20. Rxd3 Qc7 21. Rd2
Nc4 22. Bxc4+ Qxc4 23. b3 Qe6 24. Bxg7 Kxg7 25. Rd4 a5 26. Re1 Qe5 27. Qd2 Rf4
28. a3 Rxh4 29. Re2 Ba6 30. Rf2 Rxe4 31. Rxe4 Qxe4 32. axb4 axb4 33. c4 bxc3 34.
Nxc3 Qe5 35. Rf3 Bb7 0-1

[Event "e2e4 Sunningdale Easter 2014"]
[Site "Ascot ENG"]
[Date "2014.04.21"]
[Round "8.8"]
[White "Kalaiyalahan, Akshaya"]
[Black "Tan, Justin2"]
[Result "0-1"]
[BlackTitle "FM"]
[WhiteElo "1959"]
[BlackElo "2363"]
[WhiteFideId "422894"]
[BlackFideId "3206882"]
[EventDate "2014.04.17"]

1. d4 Nf6 2. Nf3 d5 3. c4 e6 4. g3 dxc4 5. Qa4+ Nbd7 6. Bg2 a6 7. Qxc4 b5 8. Qc2
Bb7 9. O-O c5 10. Bg5 Rc8 11. Qd1 Qb6 12. Be3 Nd5 13. dxc5 Qc7 14. Bd4 e5 15. e4
N5f6 16. Bc3 Bxc5 17. b4 Ba7 18. Nfd2 Nb6 19. Nf3 Nc4 20. a4 Nxe4 21. axb5 Nxf2
22. Rxf2 Bxf2+ 23. Kxf2 Qb6+ 24. Nd4 Bxg2 25. Rxa6 Qb7 26. Qg4 exd4 27. Bxd4 h5
28. Qe2+ Qe4 29. Qxe4+ Bxe4 30. Nc3 Ba8 31. Bxg7 Rg8 32. Bf6 Rg6 33. Bd4 Rd6 34.
Bc5 Rxa6 35. bxa6 Rc6 36. a7 Nd2 37. Na4 Ne4+ 38. Ke3 Nxc5 39. Kd4 0-1

[Event "e2e4 Sunningdale Easter 2014"]
[Site "Ascot ENG"]
[Date "2014.04.21"]
[Round "8.9"]
[White "Buchicchio, Giampaolo"]
[Black "Hackner, Oskar A"]
[Result "1-0"]
[WhiteTitle "FM"]
[WhiteElo "2343"]
[BlackElo "2119"]
[WhiteFideId "811491"]
[BlackFideId "424188"]
[EventDate "2014.04.17"]

1. e4 e6 2. d4 d5 3. e5 c5 4. c3 Qb6 5. Nf3 Nc6 6. a3 f6 7. Bd3 fxe5 8. dxe5 c4
9. Bc2 Bc5 10. O-O Nge7 11. Nbd2 Ng6 12. b3 cxb3 13. Nxb3 O-O 14. Rb1 Ngxe5 15.
Nxe5 Bxf2+ 16. Kh1 Nxe5 17. Qh5 Ng6 18. Nd2 Qa6 19. c4 Bd7 20. Nf3 Bb6 21. Bd3
dxc4 22. Ng5 Rxf1+ 23. Bxf1 h6 24. Qxg6 hxg5 25. Bb2 Kf8 26. Qxg7+ Ke8 27. Bf6
Qxa3 28. Be2 1-0

[Event "e2e4 Sunningdale Easter 2014"]
[Site "Ascot ENG"]
[Date "2014.04.21"]
[Round "8.10"]
[White "Jacobsen, Fredrik Beer"]
[Black "Jackson, James P"]
[Result "1/2-1/2"]
[WhiteElo "2042"]
[BlackElo "2283"]
[WhiteFideId "1507044"]
[BlackFideId "416860"]
[EventDate "2014.04.17"]

1. e4 g6 2. Nc3 Bg7 3. g3 d6 4. Bg2 c5 5. d3 Nc6 6. Be3 e5 7. Qd2 Nge7 8. Bh6
Bxh6 9. Qxh6 Nd4 10. Qd2 Be6 11. Nge2 Nec6 12. a3 c4 13. Nxd4 Nxd4 14. Ne2 Nxe2
15. Qxe2 Qb6 16. Rb1 Rc8 17. O-O cxd3 18. cxd3 O-O 19. Rbc1 Qd4 20. Qd2 b6 21.
Rc3 Rxc3 22. bxc3 Qc5 23. Qb2 Rc8 24. Rc1 a5 25. Kh1 b5 26. Bf1 b4 27. axb4 axb4
28. c4 Ra8 29. Kg2 Ra3 30. Rb1 Ra4 31. Qd2 f5 32. f3 f4 33. gxf4 exf4 34. d4
Qg5+ 35. Kh1 b3 36. Qc1 Qh4 37. Rxb3 Qf2 38. Rb2 Qxf3+ 39. Bg2 Qe3 40. Qxe3 fxe3
41. Bf1 Bxc4 42. Bxc4+ Rxc4 43. Re2 Rxd4 44. Rxe3 Rd2 45. Rf3 Kg7 46. Kg1 Re2
47. Rd3 Rxe4 48. Rxd6 Re2 49. Rd7+ Kh6 50. Rf7 Rd2 51. Re7 g5 52. Rf7 Kg6 53.
Rf8 h5 54. h3 Rc2 55. Rf3 Ra2 56. Rf8 g4 57. hxg4 hxg4 58. Rb8 Kg5 59. Rb3 Re2
60. Ra3 Kf4 61. Rb3 Ra2 1/2-1/2

[Event "e2e4 Sunningdale Easter 2014"]
[Site "Ascot ENG"]
[Date "2014.04.21"]
[Round "9.1"]
[White "Pert, Nicholas"]
[Black "Gormally, Daniel W"]
[Result "1/2-1/2"]
[WhiteTitle "GM"]
[BlackTitle "GM"]
[WhiteElo "2552"]
[BlackElo "2492"]
[WhiteFideId "403989"]
[BlackFideId "406465"]
[EventDate "2014.04.17"]

1. d4 Nf6 2. Nf3 g6 3. g3 Bg7 4. Bg2 O-O 5. c4 d6 6. O-O Nc6 7. Nc3 Bg4 8. d5
Na5 9. Nd2 c5 10. Qc2 a6 11. f3 Bf5 12. e4 Bd7 13. b3 b5 14. Bb2 bxc4 15. bxc4
e6 16. Rab1 1/2-1/2

[Event "e2e4 Sunningdale Easter 2014"]
[Site "Ascot ENG"]
[Date "2014.04.21"]
[Round "9.2"]
[White "Petrov, Marijan"]
[Black "Hawkins, Jonathan"]
[Result "0-1"]
[WhiteTitle "GM"]
[BlackTitle "IM"]
[WhiteElo "2455"]
[BlackElo "2518"]
[WhiteFideId "2901773"]
[BlackFideId "412686"]
[EventDate "2014.04.17"]

1. e4 c6 2. d4 d5 3. e5 c5 4. dxc5 Nc6 5. Bb5 e6 6. Be3 Ne7 7. c3 Bd7 8. Bxc6
Bxc6 9. Nf3 Nf5 10. Bd4 Nxd4 11. Qxd4 Qc7 12. Nbd2 Bb5 13. Nb3 Be7 14. a4 Ba6
15. Qe3 b6 16. cxb6 axb6 17. Nfd4 O-O 18. f4 Qd7 19. Nd2 Bb7 20. b3 b5 21. Nxb5
Qxb5 22. axb5 Rxa1+ 23. Ke2 Rxh1 24. Qa7 Rxh2 25. Qxb7 Rxg2+ 26. Kd3 Bc5 27. Qc7
Rg3+ 28. Kc2 Be3 29. b6 Rg2 30. Kd3 Bxd2 31. b7 Bxf4 32. c4 Rg3+ 33. Kc2 f6 34.
b8=Q Bxe5 35. Qxf8+ Kxf8 36. Qd8+ Kf7 37. cxd5 exd5 38. Qxd5+ Ke7 39. Qb7+ Kd6
40. Qb6+ Kd5 41. Qb5+ Ke4 42. Qe2+ Kf4 43. Qf2+ Kg5 44. b4 h5 0-1

[Event "e2e4 Sunningdale Easter 2014"]
[Site "Ascot ENG"]
[Date "2014.04.21"]
[Round "9.3"]
[White "Eggleston, David J"]
[Black "Williams, Simon K"]
[Result "0-1"]
[WhiteTitle "IM"]
[BlackTitle "GM"]
[WhiteElo "2402"]
[BlackElo "2463"]
[WhiteFideId "412120"]
[BlackFideId "404454"]
[EventDate "2014.04.17"]

1. e4 c5 2. Nf3 d6 3. d4 cxd4 4. Nxd4 Nf6 5. Nc3 a6 6. Be3 e6 7. f3 b5 8. Qd2
Bb7 9. g4 Be7 10. g5 Nfd7 11. O-O-O Nb6 12. h4 N8d7 13. Bd3 Ne5 14. Rhg1 b4 15.
Nce2 d5 16. Ng3 Nbc4 17. Qe2 Nxe3 18. Qxe3 Bc5 19. Nh5 Rg8 20. exd5 Nxd3+ 21.
Qxd3 Qxd5 22. Nf4 Qd6 23. Nfe2 O-O-O 24. f4 Rd7 25. Rd2 Rgd8 26. Rgd1 Qb6 27.
Kb1 Bxd4 28. Nxd4 Rxd4 29. Qxd4 Rxd4 30. Rxd4 Bd5 31. f5 Kc7 32. fxe6 fxe6 33.
b3 Kd6 34. h5 a5 35. h6 gxh6 36. gxh6 Qc5 37. Rf4 Qe3 38. Rh4 Kc6 39. Kb2 Be4
40. Rh2 Bf3 41. Rdd2 a4 42. bxa4 Qa3+ 43. Kb1 Bd5 0-1

[Event "e2e4 Sunningdale Easter 2014"]
[Site "Ascot ENG"]
[Date "2014.04.21"]
[Round "9.4"]
[White "Arkell, Keith C"]
[Black "Gandrud, Vegar Koi"]
[Result "1-0"]
[WhiteTitle "GM"]
[WhiteElo "2461"]
[BlackElo "2223"]
[WhiteFideId "400270"]
[BlackFideId "1505530"]
[EventDate "2014.04.17"]

1. d4 Nf6 2. Nf3 g6 3. c4 Bg7 4. Nc3 d5 5. cxd5 Nxd5 6. g3 O-O 7. Bg2 Nb6 8. O-O
Nc6 9. e3 Re8 10. b3 e5 11. Nxe5 Nxe5 12. dxe5 Qxd1 13. Rxd1 Bxe5 14. Bb2 c6 15.
Rd2 a5 16. Ne4 Bxb2 17. Rxb2 Rd8 18. Nc5 Ra7 19. a3 Bf5 20. e4 Bc8 21. f4 Kf8
22. Kf2 Ke7 23. Rc1 Nd7 24. Nd3 Nb8 25. Ke3 b6 26. Ne5 Bd7 27. Nc4 b5 28. Ne5
Be8 29. Nd3 Na6 30. e5 Rad7 31. Be4 Rc7 32. Rbc2 Rdc8 33. b4 a4 34. g4 f6 35.
Nc5 Nxc5 36. Rxc5 fxe5 37. Rxe5+ Kf7 38. h3 Rb8 39. Rec5 Re7 40. Rd1 Re6 41. Kf3
Ke7 42. f5 gxf5 43. Bxf5 Rf6 44. Re5+ Kf8 45. Kf4 h6 46. h4 Bg6 47. Rd7 Re8 48.
h5 Bxf5 49. gxf5 Rc8 50. Ree7 c5 51. Ke5 Rfc6 52. Rf7+ Kg8 53. Rg7+ Kf8 54. Rh7
Kg8 55. Rdg7+ Kf8 56. f6 1-0

[Event "e2e4 Sunningdale Easter 2014"]
[Site "Ascot ENG"]
[Date "2014.04.21"]
[Round "9.5"]
[White "Sowray, Peter J"]
[Black "Lalic, Bogdan"]
[Result "1/2-1/2"]
[WhiteTitle "FM"]
[BlackTitle "GM"]
[WhiteElo "2331"]
[BlackElo "2485"]
[WhiteFideId "400971"]
[BlackFideId "409081"]
[EventDate "2014.04.17"]

1. d4 Nf6 2. c4 g6 3. Nc3 d5 4. Nf3 Bg7 5. Qb3 dxc4 6. Qxc4 O-O 7. e4 a6 8. Be2
b5 9. Qb3 c5 10. dxc5 Bb7 11. e5 Nd5 12. O-O Nd7 13. Nxd5 Nxc5 14. Nxe7+ Qxe7 1/2-1/2

[Event "e2e4 Sunningdale Easter 2014"]
[Site "Ascot ENG"]
[Date "2014.04.21"]
[Round "9.6"]
[White "Tan, Justin2"]
[Black "Letreguilly, Olivier"]
[Result "1-0"]
[WhiteTitle "FM"]
[BlackTitle "FM"]
[WhiteElo "2363"]
[BlackElo "2342"]
[WhiteFideId "3206882"]
[BlackFideId "600997"]
[EventDate "2014.04.17"]

1. e4 c6 2. d4 d5 3. Nc3 g6 4. h3 Bg7 5. Nf3 dxe4 6. Nxe4 Nd7 7. Bd3 Qc7 8. O-O
Ngf6 9. Re1 Nxe4 10. Rxe4 Nf6 11. Bf4 Qb6 12. Re2 O-O 13. c4 Re8 14. Qd2 a5 15.
Rae1 Qb4 16. Qc1 Be6 17. Rxe6 fxe6 18. c5 e5 19. Bxe5 a4 20. a3 Qa5 21. Qg5 Rf8
22. Bc4+ Kh8 23. Qh4 Rad8 24. Re3 Rd5 25. Ng5 h6 26. Ne6 Rf7 27. Bxd5 cxd5 28.
Bxf6 exf6 29. Qg4 Kh7 30. Nf4 g5 31. Qf5+ Kg8 32. Re8+ Rf8 33. Qxd5+ 1-0

[Event "e2e4 Sunningdale Easter 2014"]
[Site "Ascot ENG"]
[Date "2014.04.21"]
[Round "9.7"]
[White "Forsa, Espen"]
[Black "Buchicchio, Giampaolo"]
[Result "0-1"]
[WhiteTitle "FM"]
[BlackTitle "FM"]
[WhiteElo "2267"]
[BlackElo "2343"]
[WhiteFideId "1504436"]
[BlackFideId "811491"]
[EventDate "2014.04.17"]

1. c4 Nf6 2. Nc3 d5 3. cxd5 Nxd5 4. Nf3 c5 5. e4 Nb4 6. Bc4 Nd3+ 7. Ke2 Nf4+ 8.
Kf1 Ne6 9. a3 g6 10. b4 cxb4 11. axb4 Bg7 12. Bb2 Nc6 13. g3 Ned4 14. h3 O-O 15.
Nxd4 Qxd4 16. d3 Nxb4 17. Ra4 a5 18. Qa1 Qc5 19. Ba3 Rb8 20. Qb2 Qd4 21. Rxb4
axb4 22. Bxb4 Be6 23. Bxe6 fxe6 24. Kg2 Rbc8 0-1

[Event "e2e4 Sunningdale Easter 2014"]
[Site "Ascot ENG"]
[Date "2014.04.21"]
[Round "9.8"]
[White "Rudd, Jack"]
[Black "Hunt, Adam C"]
[Result "1-0"]
[WhiteTitle "IM"]
[BlackTitle "IM"]
[WhiteElo "2218"]
[BlackElo "2434"]
[WhiteFideId "405736"]
[BlackFideId "403970"]
[EventDate "2014.04.17"]

1. e4 c5 2. Nf3 e6 3. d4 cxd4 4. Nxd4 a6 5. Bd3 Bc5 6. Nb3 Be7 7. c4 d6 8. Nc3
Nf6 9. O-O Nbd7 10. f4 b6 11. Be3 Bb7 12. Qf3 Qc7 13. Rac1 O-O 14. Qh3 Rfe8 15.
g4 g6 16. g5 Nh5 17. f5 exf5 18. exf5 Ne5 19. Be2 Bf8 20. Na4 Nd7 21. fxg6 fxg6
22. Bg4 Nc5 23. Nbxc5 dxc5 24. Be6+ Kh8 25. Rf7 Qe5 26. Rxb7 Rxe6 27. Nxb6 Rd8
28. Re1 Be7 29. Qxe6 Qxe6 30. Bd4+ cxd4 31. Rxe6 Bxg5 32. Rd7 Rxd7 33. Nxd7 d3
34. Rd6 d2 35. Ne5 Bf4 36. Rd8+ Kg7 37. Nf3 1-0

[Event "e2e4 Sunningdale Easter 2014"]
[Site "Ascot ENG"]
[Date "2014.04.21"]
[Round "9.9"]
[White "Jackson, James P"]
[Black "Player, Edmund C"]
[Result "1/2-1/2"]
[WhiteElo "2283"]
[BlackElo "2246"]
[WhiteFideId "416860"]
[BlackFideId "406520"]
[EventDate "2014.04.17"]

1. e4 e6 2. d4 d5 3. Nc3 Bb4 4. Ne2 dxe4 5. a3 Be7 6. Nxe4 Nf6 7. N2g3 Nbd7 8.
Be3 b6 9. Qf3 Rb8 10. Bb5 O-O 11. Nxf6+ Nxf6 12. Bc6 Nd5 13. c4 Nxe3 14. fxe3
Bd7 15. O-O Bxc6 16. Qxc6 Qd6 17. Qxd6 Bxd6 18. Ne4 Be7 19. a4 f5 20. Nd2 Bf6
21. Rad1 c5 22. Nf3 Rfd8 23. Rd2 Rd7 24. Rfd1 Rbd8 25. b3 Kf7 26. Kf2 g5 27. Ke2
g4 28. Ne5+ Bxe5 29. dxe5 Rxd2+ 30. Rxd2 Rxd2+ 31. Kxd2 Ke7 32. g3 Kd7 33. e4
Ke7 34. Ke3 Kf7 35. Kf4 fxe4 36. Kxg4 Kg6 37. h3 e3 38. Kf3 Kf5 39. g4+ Kxe5 40.
Kxe3 a6 41. h4 h6 42. Kf3 Kd4 43. g5 1/2-1/2

[Event "e2e4 Sunningdale Easter 2014"]
[Site "Ascot ENG"]
[Date "2014.04.21"]
[Round "9.10"]
[White "Wadsworth, Matthew J"]
[Black "Jacobsen, Fredrik Beer"]
[Result "1/2-1/2"]
[WhiteElo "2200"]
[BlackElo "2042"]
[WhiteFideId "415804"]
[BlackFideId "1507044"]
[EventDate "2014.04.17"]

1. c4 e5 2. g3 Nf6 3. Bg2 d5 4. cxd5 Nxd5 5. Nc3 Nb6 6. Nf3 Nc6 7. O-O Be7 8. d3
O-O 9. a3 a5 10. b3 Be6 11. Bb2 f6 12. Rc1 Qd7 13. Re1 Rfd8 14. Ne4 a4 15. b4
Bb3 16. Qd2 Nd5 17. d4 exd4 18. Nxd4 Nxd4 19. Qxd4 c6 20. Nd2 Ba2 21. Ra1 Nc7
22. Rxa2 Qxd4 23. Bxd4 Rxd4 24. e3 Rdd8 25. Nc4 Nb5 26. Rc1 Nd6 27. Na5 Rd7 28.
Rd2 Rc7 29. Rcd1 Rd8 30. Bf1 Kf8 31. Nc4 Nxc4 32. Rxd8+ Bxd8 33. Rxd8+ Ke7 34.
Rd3 Ne5 35. Rc3 Kd6 36. f4 Nd7 37. Bd3 h6 38. Bc2 Nb6 39. Rc5 Nd7 40. Rc4 Nb6
41. Rd4+ Ke7 42. Kf2 Rd7 43. Re4+ Kd8 44. Ke2 Nd5 45. Rc4 Kc7 46. e4 Nb6 47. Rc3
Rd4 48. Ke3 Rd7 49. g4 Re7 50. Kf3 g5 51. Rc5 Nd7 52. Rf5 b5 53. h4 Rg7 54. hxg5
hxg5 55. e5 fxe5 56. fxe5 Kd8 57. e6 Nb6 58. Be4 Nc4 59. Bxc6 Nxa3 60. Rd5+ Kc7
61. Bxb5 Nxb5 62. Rxb5 Kd6 63. Rb6+ Ke5 64. Ra6 a3 65. Rxa3 Kxe6 66. Ke4 Rb7 67.
Rb3 Rf7 68. Kd4 Rf4+ 69. Kc5 Rxg4 70. b5 Rf4 71. b6 Rf8 72. Kc6 Rg8 73. Rb5 g4
74. b7 g3 75. Rg5 Rxg5 76. b8=Q g2 77. Qb3+ Kf5 78. Qc2+ Kf6 79. Qf2+ Ke5 80.
Qe3+ Kf5 81. Qf2+ Ke5 82. Qe3+ 1/2-1/2